[Event "36th Olympiad w"]
[Site "Calvia ESP"]
[Date "2004.10.18"]
[Round "4"]
[White "Le Thi Phuong Lien"]
[Black "Velcheva,M"]
[Result "0-1"]
[WhiteElo "2249"]
[BlackElo "2299"]

1.e4 c5 2.Nf3 e6 3.d4 cxd4 4.Nxd4 Nc6 5.Nc3 Qc7 6.Be2 Nf6 7.O-O a6 8.Be3 Be7
9.f4 d6 10.Bf3 O-O 11.Kh1 Rd8 12.Qe1 Nxd4 13.Bxd4 e5 14.Be3 exf4 15.Bxf4 Be6
16.Qg3 Nd7 17.Bg4 Ne5 18.Bxe6 fxe6 19.Bxe5 dxe5 20.Qg4 Qc4 21.Rf3 Rf8 22.b3 Qc6
23.Rg3 Rf7 24.h3 Raf8 25.Na4 b5 26.Nb2 Qb6 27.Kh2 Bc5 28.Nd3 Bd4 29.Rf1 g6
30.Rgf3 Qc6 31.Rxf7 Rxf7 32.Rxf7 Kxf7 33.Qe2 Ke7 34.Ne1 Qc3 35.Nf3 Kd6 36.a4 Kc5
37.axb5 axb5 38.g3 h6 39.Kg2 Kb4 40.h4 Ka3 41.Ne1 Qa1 42.c4 Kxb3 43.cxb5 Qc3
44.Nd3 Ka4 45.Kh3 Ka5 46.Ne1 Qb3 47.Nf3 Qxb5 48.Qa2+ Kb4 49.Nd2 Qd3 50.Kg2 g5
51.hxg5 hxg5 52.Qb1+ Qxb1 53.Nxb1 g4 54.Kf1 Be3 55.Ke2 Bg5 56.Kd3 Kb3 57.Nc3 Be3
58.Ne2 Bf2 59.Nc1+ Kb4 60.Ne2 Kc5 61.Kc3 Be1+ 62.Kd3 Kb4 63.Kc2 Kc4 64.Kd1 Bf2
65.Kd2 Bb6 66.Nc3 Ba5  0-1

[Event "36th Olympiad w"]
[Site "Calvia ESP"]
[Date "2004.10.18"]
[Round "4"]
[White "Sebag,M"]
[Black "Zigangirova,S"]
[Result "1-0"]
[WhiteElo "2428"]
[BlackElo "2330"]

1.e4 c5 2.Nf3 e6 3.d4 cxd4 4.Nxd4 Nc6 5.Nc3 Qc7 6.Be3 a6 7.Qd2 Nf6 8.O-O-O Bb4
9.f3 Na5 10.Bf2 Bxc3 11.Qxc3 Qxc3 12.bxc3 b5 13.Nb3 Nc4 14.Bxc4 bxc4 15.Na5 d5
16.Bc5 Rb8 17.Rhe1 Rb5 18.Bb4 Bd7 19.a4 Rxa5 20.Bxa5 O-O 21.e5 Nh5 22.Bb4 Re8
23.Rd4 g6 24.g4 Ng7 25.a5 Rb8 26.Bc5 Ne8 27.Bb6 Rb7 28.Rdd1 Nc7 29.Bxc7 Rxc7
30.Kd2 Kf8 31.Ke3 Ke7 32.g5 Bb5 33.Kd4 Kd7 34.Rb1 Rc8 35.Rg1 Rh8 36.Rg4 h5
37.Rf4 Ke7 38.Kc5 Rb8 39.Rf6 Rb7 40.f4 Rc7+ 41.Kd4 Rd7 42.f5 exf5 43.e6 fxe6
44.Ke5  1-0

[Event "XI Bela Papp Mem"]
[Site "Torokbalint HUN"]
[Date "2004.10.18"]
[Round "3"]
[White "Schneider,Dm"]
[Black "Fogarasi,T"]
[Result "1-0"]
[WhiteElo "2453"]
[BlackElo "2425"]

1.e4 c5 2.Nf3 e6 3.d4 cxd4 4.Nxd4 Nc6 5.Nc3 Qc7 6.Be3 a6 7.Qd2 Nf6 8.O-O-O Bb4
9.f3 Ne5 10.Nb3 d5 11.Bd4 O-O 12.Kb1 dxe4 13.Qf4 Bd6 14.Nxe4 Nxe4 15.Qxe4 Nc6
16.Bc3 f5 17.Qe3 b5 18.g4 b4 19.Bd4 Bf4 20.Bb6 Bxe3 21.Bxc7 a5 22.Bd6 Rf6
23.g5 Bxg5 24.f4 Bh4 25.Bg2 Ra6 26.Nc5 Rg6 27.Bf1 Ra8 28.Bb5 Na7 29.Ba4 Bf2
30.Rd2 Bxc5 31.Bxc5 Bb7 32.Rhd1 Bd5 33.Bb3 Kh8 34.Bxd5 exd5 35.Rxd5 Nc6 36.Rxf5 h6
37.a3 Rg2 38.h4 Re8 39.Rf8+ Rxf8 40.Bxf8 Rf2 41.axb4 axb4 42.Rd7 Rxf4 43.Bxg7+ Kg8
44.Bxh6 Rxh4 45.Bd2 b3 46.cxb3 Rd4 47.Rc7 Rxd2 48.Rxc6 Kf7 49.Ka2 Ke7 50.b4 Kd7
51.Rc5 Kd6 52.Kb3 Rh2 53.Rc3 Rg2 54.b5  1-0

[Event "36th Olympiad"]
[Site "Calvia ESP"]
[Date "2004.10.19"]
[Round "5"]
[White "Shukuraliev,A"]
[Black "Dissanayake,P"]
[Result "1-0"]
[WhiteElo "2248"]
[BlackElo "2112"]

1.e4 c5 2.Nf3 Nc6 3.d4 cxd4 4.Nxd4 e6 5.Nc3 a6 6.Be2 Qc7 7.O-O b5 8.a3 Bb7
9.Kh1 Nf6 10.f4 Nxd4 11.Qxd4 Bc5 12.Qd3 d5 13.exd5 Nxd5 14.Ne4 Rd8 15.Qg3 O-O
16.Bd3 Be7 17.Qh3 g6 18.Bd2 Nf6 19.Ng5 h5 20.Bc3 Qc6 21.Rf3 Kg7 22.Rg3 Rh8
23.Qh4 Kf8 24.Re1 Bc8 25.Nxe6+ Bxe6 26.Bxf6 Rd7 27.Bxe7+ Rxe7 28.f5 gxf5
29.Qf6 Rh7 30.Bxf5  1-0

[Event "36th Olympiad"]
[Site "Calvia ESP"]
[Date "2004.10.19"]
[Round "5"]
[White "Mitkov,N"]
[Black "Bakalarz,M"]
[Result "1/2-1/2"]
[WhiteElo "2539"]
[BlackElo "2389"]

1.e4 c5 2.Nc3 e6 3.Nf3 Nc6 4.d4 cxd4 5.Nxd4 Nf6 6.a3 Be7 7.f4 d6 8.Be3 O-O
9.Qf3 e5 10.Nxc6 bxc6 11.fxe5 Ng4 12.exd6 Qxd6 13.Bf4 Qc5 14.h3 Ne5 15.Qe3 Bh4+  1/2-1/2

[Event "36th Olympiad"]
[Site "Calvia ESP"]
[Date "2004.10.19"]
[Round "5"]
[White "Hernandez,Gi"]
[Black "Johansen,D"]
[Result "1/2-1/2"]
[WhiteElo "2509"]
[BlackElo "2483"]

1.e4 c5 2.Nf3 e6 3.d4 cxd4 4.Nxd4 Nc6 5.Nc3 d6 6.g3 Nf6 7.Bg2 Bd7 8.O-O Be7
9.Be3 O-O 10.Qe2 a6 11.Rad1 Qc7 12.a4 Rac8 13.Nxc6 Bxc6 14.Rd2 Rfe8 15.Rfd1 Qa5
16.Rd4  1/2-1/2

[Event "36th Olympiad"]
[Site "Calvia ESP"]
[Date "2004.10.19"]
[Round "5"]
[White "Santos Flores,A"]
[Black "Hatanbaatar,B"]
[Result "0-1"]
[WhiteElo "2326"]
[BlackElo "2427"]

1.e4 c5 2.Nf3 Nc6 3.Nc3 e6 4.d4 cxd4 5.Nxd4 Qc7 6.g3 a6 7.Bg2 Nf6 8.O-O Be7
9.Re1 d6 10.Nb3 O-O 11.a4 b6 12.f4 Bb7 13.f5 Rfe8 14.fxe6 fxe6 15.Ne2 e5
16.Nc3 Nb4 17.Bg5 h6 18.Bxf6 Bxf6 19.Nd2 Rad8 20.Nf1 Qc5+ 21.Kh1 Rf8 22.Ne3 Bg5
23.Ned5 Rf2 24.Re2 Rdf8 25.h4 Bd8 26.Rxf2 Rxf2 27.Qh5 Nxc2 28.Rc1 Bc8 29.Nd1 Rxg2
30.Kxg2 Ne1+ 31.Kf1 Qxc1 32.Qe8+ Kh7 33.Kxe1 Bg4 34.Ne3 Bxd1 35.Nxd1 Bf6
36.Qe6 Qc5 37.Qf5+ Kh8 38.Qg6 d5 39.h5 Qb4+ 40.Nc3 dxe4 41.Qe8+ Kh7 42.Qg6+ Kg8
43.Qe8+ Qf8 44.Qe6+ Qf7 45.Qxb6 Qxh5 46.Qxa6 Qh1+ 47.Qf1 Qh2 48.Nxe4 Be7
49.Qf2 Qh1+ 50.Kd2 Qxe4 51.Qa7 Bb4+ 52.Kc1 Kh7 53.Qb6 Be7 54.a5 Qd3 55.b4 Qc3+
56.Kd1 Bxb4  0-1

[Event "36th Olympiad"]
[Site "Calvia ESP"]
[Date "2004.10.20"]
[Round "6"]
[White "Berlinsky,V"]
[Black "Dissanayake,P"]
[Result "1/2-1/2"]
[WhiteElo "2347"]
[BlackElo "2112"]

1.e4 c5 2.Nf3 Nc6 3.d4 cxd4 4.Nxd4 e6 5.Nc3 a6 6.Be2 Qc7 7.Be3 b5 8.Nxc6 dxc6
9.f4 b4 10.Na4 c5 11.c3 bxc3 12.Nxc3 Bb7 13.O-O Nf6 14.Bf3 Be7 15.e5 Nd7
16.Rc1 O-O 17.Na4 Bxf3 18.Rxf3 Rfd8 19.Qc2 Rab8 20.b3 Qa5 21.Bd2 Qb5 22.Nc3 Qc6
23.Qe4 Rbc8 24.Qe2 Nb6 25.Be3 Nd5 26.Na4 Nxe3 27.Qxe3 Rd5 28.Nb2 Rcd8 29.Nc4 Rd4
30.Rff1 Rd3 31.Qe1 Qd5 32.Kh1 h5 33.Kg1 g6 34.Qf2 Kg7 35.Rce1 h4 36.h3 Qd4
37.Qxd4 R8xd4 38.Re3 Rxe3 39.Nxe3 Rd2 40.Rf2 Rd3 41.Nc4 g5 42.Rf1 Rd4 43.f5 exf5
44.Rxf5 Kg6 45.Rf2 Rf4 46.Rxf4 gxf4 47.Kf2 Kf5 48.Kf3 f6 49.exf6 Bxf6 50.Nb6 Be7
51.Nd5 Bd8 52.a3 Ba5 53.Ne7+ Kg5 54.Nd5 Bd2  1/2-1/2

[Event "36th Olympiad"]
[Site "Calvia ESP"]
[Date "2004.10.20"]
[Round "6"]
[White "Megaranto,S"]
[Black "Berend,F"]
[Result "1-0"]
[WhiteElo "2439"]
[BlackElo "2378"]

1.e4 c5 2.Nf3 e6 3.d4 cxd4 4.Nxd4 Nc6 5.Nc3 a6 6.Be2 d6 7.O-O Nf6 8.Be3 Be7
9.Nb3 b5 10.a3 Bb7 11.f4 O-O 12.Bf3 Qc7 13.Qd2 Rac8 14.g4 h6 15.h4 d5 16.e5 Ne4
17.Nxe4 dxe4 18.Bg2 Bxh4 19.Qd6 Qxd6 20.exd6 Nb8 21.Nc5 Bd5 22.Rfd1 Rfd8
23.Rd2 Rxd6 24.Bxe4 Be7 25.Rad1 Rdc6 26.Bxd5 exd5 27.Nb3 Rg6 28.Rg2 Re6 29.Bc1 Rd8
30.Kh2 Nc6 31.Kg3 Bf6 32.Nc5 Re7 33.Nxa6 Nd4 34.Nb4 Ne2+ 35.Kf3 Nxc1 36.Nc6 Ree8
37.Nxd8 Rxd8 38.Rxc1 Bxb2 39.Rb1 Bxa3 40.Rxb5 d4 41.Ke4 Bc1 42.f5 Bg5 43.Rd5 Rxd5
44.Kxd5 Bf6 45.Kd6 Kh7 46.Kd7 g6 47.Ke8 Kg7 48.Rf2 Be5 49.fxg6 fxg6 50.Ke7 Kg8
51.Ke6 Bg7 52.Rf3 Kh7 53.Rb3 Kg8 54.Rb8+ Kh7 55.Kf7 Be5 56.Rb6 g5 57.Ke6 Bf4
58.Kf5 h5 59.gxh5 Be3 60.Rg6 Bd2 61.Kg4 Be3 62.Rxg5 Kh6 63.Rd5 Bg1 64.Rd6+ Kg7
65.h6+ Kh7 66.Kh5  1-0

[Event "36th Olympiad w"]
[Site "Calvia ESP"]
[Date "2004.10.20"]
[Round "6"]
[White "Vasiliev,Olg"]
[Black "Velcheva,M"]
[Result "0-1"]
[WhiteElo "2167"]
[BlackElo "2299"]

1.e4 c5 2.Nf3 e6 3.d4 cxd4 4.Nxd4 Nc6 5.Nc3 Qc7 6.Be2 a6 7.O-O Nf6 8.Be3 Be7
9.f4 d6 10.Kh1 O-O 11.Qe1 Nxd4 12.Bxd4 b5 13.e5 dxe5 14.fxe5 Nd7 15.Bd3 Bb7
16.Ne4 Rad8 17.Ng3 Nc5 18.Bxc5 Qxc5 19.Nh5 Rd5 20.Qg3 g6 21.Rae1 Rd4 22.Nf4 Kh8
23.Qh3 Kg7 24.c3 Rd7 25.Re3 Bg5 26.Qg3 Qe7 27.Qg4 Rfd8 28.Rh3 Kg8 29.Be2 Rd2
30.Bf3 Bxf3 31.Rhxf3 Rxb2 32.Nh3 Bh6 33.Qe4 Rxa2 34.Nf2 Bg7 35.Ng4 Ra4 36.Nf6+ Qxf6
37.Qb7 Qxe5 38.Rxf7 Rc4 39.R7f3 Rc7 40.Qxa6 Rcd7 41.Qa1 b4 42.h3 bxc3 43.Qb1 Qe2
44.Qb6 c2 45.R3f2 Qe4 46.Qc5 Rd1  0-1

[Event "Essent Open"]
[Site "Hoogeveen NED"]
[Date "2004.10.21"]
[Round "7"]
[White "Hemminga,F"]
[Black "Nagel,Y"]
[Result "0-1"]
[WhiteElo "2089"]
[BlackElo "2051"]

1.e4 c5 2.Nc3 Nc6 3.Nf3 e6 4.d4 cxd4 5.Nxd4 Nf6 6.g3 Bb4 7.Bg2 Qa5 8.O-O Bxc3
9.bxc3 Qxc3 10.Nb5 Qxa1 11.Nc7+ Kd8 12.Nxa8 e5 13.Qd6 Ne8 14.Qd5 f6 15.Rd1 Qc3
16.Bh3 Nd4 17.Bg4 h5 18.Bd2 Qc6 19.Qxc6 Nxc6 20.Bf5 Nd6 21.f4 Nxf5 22.exf5 b6
23.fxe5 Nxe5 24.Be3 Bb7 25.Nxb6 axb6 26.Bxb6+ Kc8 27.h4 Be4 28.Rf1 Kb7 29.Bd4 Nf3+  0-1

[Event "Essent Open"]
[Site "Hoogeveen NED"]
[Date "2004.10.21"]
[Round "7"]
[White "Van Geffen,B"]
[Black "Groenewold,J"]
[Result "1-0"]
[WhiteElo "2181"]
[BlackElo "2159"]

1.e4 c5 2.Nf3 e6 3.d4 cxd4 4.Nxd4 Nc6 5.Nc3 a6 6.g3 Nge7 7.Nb3 d6 8.Bg2 Bd7
9.O-O Nc8 10.f4 Be7 11.Qe2 O-O 12.Be3 b5 13.Rad1 Nb6 14.e5 d5 15.Nd4 Nc4
16.Nxc6 Bxc6 17.Bd4 b4 18.Nb1 Bb5 19.Qg4 Bd7 20.b3 Nb6 21.c4 bxc3 22.Nxc3 f5
23.exf6 Bxf6 24.Be5 Rc8 25.Ne2 Bxe5 26.fxe5 Qc7 27.Qd4 Rxf1+ 28.Bxf1 Qc5
29.Qxc5 Rxc5 30.Nd4 a5 31.Kf2 Nc8 32.Rd2 Ne7 33.Bd3 Rc1 34.Rc2 Rxc2+ 35.Bxc2 Kf7
36.Ke3 h6 37.h4 Ke8 38.Bd1 Kd8 39.Bg4 Ng6 40.Bxe6 Nxe5 41.Kf4 Nd3+ 42.Kf5 Be8
43.Bxd5 Ke7 44.Bc4 Nc5 45.Bb5 g6+ 46.Ke5 Bxb5 47.Nxb5 a4 48.bxa4 Nxa4 49.g4 Nb6
50.Nc3 Nd7+ 51.Kf4 Kd6 52.Ne4+ Kd5 53.a4 Kc4 54.Nd6+ Kb4 55.Nf7 g5+ 56.Nxg5  1-0

[Event "36th Olympiad"]
[Site "Calvia ESP"]
[Date "2004.10.22"]
[Round "7"]
[White "Mieles Palau,D"]
[Black "De la Riva Aguado,O"]
[Result "1/2-1/2"]
[WhiteElo "2486"]
[BlackElo "2528"]

1.e4 c5 2.Nf3 e6 3.d4 cxd4 4.Nxd4 Nc6 5.Nc3 Qc7 6.Be3 Nf6 7.Be2 a6 8.O-O Bb4
9.Na4 Be7 10.Nxc6 bxc6 11.Nb6 Rb8 12.Nxc8 Qxc8 13.Bd4 c5 14.Be5 Rb6 15.Qd3 d6
16.Bc3 O-O  1/2-1/2

[Event "36th Olympiad"]
[Site "Calvia ESP"]
[Date "2004.10.23"]
[Round "8"]
[White "Perunovic,Mil"]
[Black "Navara,D"]
[Result "1/2-1/2"]
[WhiteElo "2575"]
[BlackElo "2620"]

1.e4 c5 2.Nf3 e6 3.d4 cxd4 4.Nxd4 Nc6 5.Nc3 Qc7 6.Be2 Nf6 7.O-O a6 8.Be3 Be7
9.f4 d6 10.Kh1 O-O 11.a4 Re8 12.Bd3 Nb4 13.a5 Bd7 14.Nb3 Rac8 15.Bb6 Qb8
16.Qf3 e5 17.Nd2 Bd8 18.Bxd8 Rexd8 19.fxe5 dxe5 20.Nd5 Nfxd5 21.Qxf7+ Kh8
22.exd5 Nxd3 23.cxd3 Bb5 24.Nc4 Bxc4 25.dxc4 Rxc4 26.d6 Rd4 27.Rae1 R4xd6
28.Rxe5 Rd1 29.Ree1 Rxe1 30.Rxe1 Qe5 31.Rf1 h6 32.Qxb7 Qxa5  1/2-1/2

[Event "36th Olympiad"]
[Site "Calvia ESP"]
[Date "2004.10.23"]
[Round "8"]
[White "Stanojoski,Z"]
[Black "Cruz,A BOL"]
[Result "1-0"]
[WhiteElo "2506"]
[BlackElo "2179"]

1.e4 c5 2.Nf3 Nc6 3.Nc3 e6 4.d4 cxd4 5.Nxd4 Nf6 6.g3 Bb4 7.Bg2 d5 8.exd5 Nxd5
9.O-O Bxc3 10.Nxc6 bxc6 11.bxc3 O-O 12.c4 Qf6 13.Ba3 Nc3 14.Qe1 Bd7 15.Bb4 Na4
16.Bxf8 Rxf8 17.Rd1 Be8 18.Qa5 Nc3 19.Rd2 h5 20.Re1 c5 21.Qxc5 Nxa2 22.Qxa7 Qc3
23.Qd4 Qxd4 24.Rxd4 Nb4 25.Rb1 Nxc2 26.Rd2 Na3 27.Rc1 Ba4 28.Ra2 Nxc4 29.Rxa4 Nb6
30.Ra7 Nc8 31.Ra8  1-0

[Event "36th Olympiad"]
[Site "Calvia ESP"]
[Date "2004.10.23"]
[Round "8"]
[White "Gashimov,V"]
[Black "Shabalov,A"]
[Result "0-1"]
[WhiteElo "2586"]
[BlackElo "2608"]

1.e4 c5 2.Nf3 Nc6 3.Nc3 e6 4.d4 cxd4 5.Nxd4 Nf6 6.Nxc6 bxc6 7.e5 Nd5 8.Ne4 Qc7
9.f4 Qb6 10.c4 Bb4+ 11.Ke2 f5 12.Nf2 Ba6 13.Kf3 Ne7 14.Be3 Bc5 15.Bxc5 Qxc5
16.Qd6 Qa5 17.Rd1 Kf7 18.b4 Qa3+ 19.Rd3 Qxa2 20.b5 Bb7 21.Qc7 Bc8 22.bxc6 Nxc6
23.Rd6 Rb8 24.Kg3 Qb3+ 25.Rd3 Qc2 26.Rd6 Rb3+ 27.Bd3 Qd2 28.Kf3 Ne7 29.Qc5 g5
30.Qd4 gxf4 31.c5 Bb7+ 32.c6 Bxc6+ 33.Rxc6 Nxc6 34.Qxd7+ Ne7 35.g4 Qe3+ 36.Kg2 f3+
37.Kg3 f4+ 38.Kh3 Qxf2 39.Bc4 Rb6 40.Bf1 Rg8 41.Qd3 Rg6 42.g5 h6  0-1

[Event "36th Olympiad w"]
[Site "Calvia ESP"]
[Date "2004.10.23"]
[Round "8"]
[White "Gara,A"]
[Black "Velcheva,M"]
[Result "1-0"]
[WhiteElo "2390"]
[BlackElo "2299"]

1.e4 c5 2.Nf3 e6 3.d4 cxd4 4.Nxd4 Nc6 5.Nc3 Qc7 6.Be3 a6 7.Qd2 b5 8.Nxc6 Qxc6
9.f3 Ne7 10.O-O-O Ng6 11.h4 Ne5 12.Bf4 f6 13.Bd3 Bb7 14.Ne2 O-O-O 15.Kb1 Kb8
16.Bg3 Ka8 17.Nd4 Qb6 18.Nb3 Nc4 19.Bxc4 bxc4 20.Bf2 Qc7 21.Qd4 Bc8 22.Na5 d5
23.exd5 Rxd5 24.Qxc4 Qxc4 25.Nxc4 Rxd1+ 26.Rxd1 Be7 27.Nb6+ Kb8 28.c4 e5
29.Nxc8 Kxc8 30.Kc2 Kc7 31.Rd5 Rb8 32.a3 g6 33.b4 Rg8 34.Ra5 Kb7 35.Kc3 Bd8
36.Rd5 Kc6 37.a4 g5 38.hxg5 fxg5 39.b5+ axb5 40.axb5+ Kc7 41.Bg3 Bf6 42.Bxe5+ Bxe5+
43.Rxe5 Kd6 44.Kd4 g4 45.c5+ Kd7 46.c6+ Kd6 47.Rd5+ Kc7 48.Kc5  1-0

[Event "36th Olympiad w"]
[Site "Calvia ESP"]
[Date "2004.10.24"]
[Round "9"]
[White "Kosintseva,N"]
[Black "Lakos,N"]
[Result "1/2-1/2"]
[WhiteElo "2446"]
[BlackElo "2359"]

1.e4 c5 2.Nf3 e6 3.d4 cxd4 4.Nxd4 Nc6 5.Nc3 Qc7 6.g3 a6 7.Bg2 Nf6 8.O-O Bc5
9.Nb3 Ba7 10.Kh1 d6 11.a4 h6 12.Qe2 Bd7 13.f4 Rc8 14.Be3 Bxe3 15.Qxe3 Nb4
16.Rac1 O-O 17.Rfd1 e5 18.f5 Rfd8 19.Qd2 Bc6  1/2-1/2

[Event "36th Olympiad w"]
[Site "Calvia ESP"]
[Date "2004.10.24"]
[Round "9"]
[White "Berend,E"]
[Black "Yildiz,B"]
[Result "1-0"]
[WhiteElo "2307"]
[BlackElo "2131"]

1.e4 c5 2.Nf3 e6 3.d4 cxd4 4.Nxd4 Nc6 5.Nc3 a6 6.Nxc6 bxc6 7.Bd3 Qc7 8.O-O Nf6
9.Qe2 d5 10.b3 Bb7 11.Bb2 Bd6 12.Kh1 d4 13.Nb1 c5 14.Nd2 Nd7 15.c3 e5 16.cxd4 cxd4
17.Rac1 Qd8 18.Nc4 Be7 19.f4 O-O 20.Nxe5 Nxe5 21.fxe5 Qb6 22.Bc4 Rad8 23.Rcd1 a5
24.Qf3 Qg6 25.Rxd4 Rxd4 26.Bxd4 Bxe4 27.Qe2 Kh8 28.Bc3 Bb4 29.Bxb4 axb4 30.e6 f6
31.Qd1 h6 32.Bb5 Kh7 33.e7 Rc8 34.Qe1 f5 35.Bd7 Ra8 36.Bxf5 Qxf5 37.Qxe4 Qxe4
38.Kg1 Kg8  1-0

[Event "36th Olympiad"]
[Site "Calvia ESP"]
[Date "2004.10.25"]
[Round "10"]
[White "Kantinti,S"]
[Black "Porter,Ru"]
[Result "0-1"]
[WhiteElo "2188"]
[BlackElo "2176"]

1.e4 c5 2.Nc3 Nc6 3.Nf3 e6 4.d4 cxd4 5.Nxd4 Qc7 6.Be3 a6 7.Bd3 Nf6 8.O-O b5
9.a3 Bb7 10.Qe1 Ng4 11.Nf3 Nce5 12.Nxe5 Qxe5 13.g3 Nxe3 14.Qxe3 Bc5 15.Qd2 h5
16.Qf4 Qxf4 17.gxf4 h4 18.h3 f6 19.Rae1 O-O-O 20.Kh2 Rhg8 21.f3 g6 22.Re2 Rg7
23.b4 Bd4 24.Nd1 Rdg8 25.c4 bxc4 26.Bxc4 f5 27.Bd3 Bb6 28.Nb2 Bc7 29.e5 g5
30.Rc2 gxf4 31.Nc4 Kb8 32.Nd6 Bxd6 33.exd6 Rg3 34.Rcf2 Re8 35.b5 a5 36.Rd2 Bxf3
37.b6 Reg8 38.Rff2 Bb7 39.Bf1 f3 40.Bb5 R8g7 41.Bc4 e5 42.Bd5 Rg2+ 43.Rxg2 Rxg2+
44.Rxg2 fxg2 45.Bxg2 Bxg2 46.Kxg2  0-1

[Event "36th Olympiad"]
[Site "Calvia ESP"]
[Date "2004.10.25"]
[Round "10"]
[White "Svidler,P"]
[Black "Lautier,J"]
[Result "1-0"]
[WhiteElo "2735"]
[BlackElo "2682"]

1.e4 c5 2.Nf3 e6 3.d4 cxd4 4.Nxd4 Nc6 5.Nc3 a6 6.Be2 d6 7.Be3 Nf6 8.f4 Be7
9.Qd2 O-O 10.O-O-O Nd7 11.Bf3 Rb8 12.Nce2 Qa5 13.Nxc6 Qxd2+ 14.Rxd2 bxc6
15.Rhd1 Nb6 16.Bxb6 Rxb6 17.Rxd6 Bxd6 18.Rxd6 e5 19.fxe5 Re8 20.Nd4 Kf8 21.e6 Bxe6
22.e5 Bc4 23.b3 Bf1 24.Nxc6 g5 25.a4 g4 26.Bd5 Rxe5 27.Rd8+ Re8 28.Rd7 Re1+
29.Kb2 Rd1 30.Rxf7+ Ke8 31.Re7+ Kf8 32.Re5 Rd2 33.Kc1 Rf2 34.Rg5 Ke8 35.Rxg4 Kd7
36.Ne5+ Kd6 37.Nc4+ Bxc4 38.Bxc4 Kc5 39.Bd3 h6 40.a5 Rbf6 41.Kb2 R2f4 42.Rg7 Rf7
43.Rg3 Kb4 44.Bxa6 Kxa5 45.Bd3 Rf2 46.Rh3 R7f6 47.Rh5+ Kb6 48.g4 Rd6 49.Ka3 Rg2
50.h3 Rg3 51.Kb4 Rd4+ 52.Kc3 Rd6 53.Kc4 Rf3 54.b4 Rf4+ 55.Kb3 Rf3 56.Ka4 Rg3
57.Be4 Rc3 58.Bd3 Kb7 59.h4 Rc8 60.g5 hxg5 61.hxg5 Rd4 62.g6 Rg4 63.Bf5  1-0

[Event "36th Olympiad w"]
[Site "Calvia ESP"]
[Date "2004.10.26"]
[Round "11"]
[White "Seps,M"]
[Black "Popova,N"]
[Result "1-0"]
[WhiteElo "2077"]
[BlackElo "2246"]

1.e4 c5 2.Nf3 Nc6 3.d4 cxd4 4.Nxd4 e6 5.Nc3 d6 6.Be3 Nf6 7.Bc4 Be7 8.Qe2 a6
9.O-O-O Qc7 10.Bb3 O-O 11.Rhg1 b5 12.g4 b4 13.Nxc6 Qxc6 14.Nd5 exd5 15.g5 Nxe4
16.Bxd5 Nc3 17.bxc3 Qa4 18.Bd4 Bf5 19.Bxa8 Rxa8 20.cxb4 Rc8 21.c3 Qxb4 22.Kd2 Qb7
23.f4 Re8 24.Ke1 Qc6 25.Kf2 Bxg5 26.Qh5 Bf6 27.Qxf5 Bh4+ 28.Rg3 Qc4 29.Qg4 Bxg3+
30.hxg3 Qxa2+ 31.Kg1 g6 32.Rf1 f5 33.Qf3 a5 34.Qb7 Qf7 35.Qxf7+ Kxf7 36.Ra1 Ra8
37.Ra4 h6 38.Bb6 Ra6 39.Bxa5 g5 40.Ra3 gxf4 41.gxf4 Rc6 42.Bb4 Ke6 43.Kf2 h5
44.Ra1 d5 45.Re1+ Kf6 46.Kf3 Rc7 47.Re5 Rd7 48.Bc5 h4 49.Bd4 Rh7 50.Rxd5+ Ke6
51.Re5+ Kd6 52.Kg2 Rh5 53.Kh3 Kc6 54.Bf2  1-0

[Event "36th Olympiad w"]
[Site "Calvia ESP"]
[Date "2004.10.26"]
[Round "11"]
[White "Olsen,M"]
[Black "Khan,N"]
[Result "1-0"]
[WhiteElo "1998"]
[BlackElo "1997"]

1.e4 c5 2.Nf3 e6 3.d4 cxd4 4.Nxd4 Nc6 5.Nc3 Qc7 6.Be3 a6 7.Be2 Nf6 8.O-O Bb4
9.Na4 b5 10.Nxc6 dxc6 11.Bc5 Bxc5 12.Nxc5 O-O 13.Qd4 e5 14.Qc3 Re8 15.b4 Nd7
16.Nb3 Nb6 17.Nc5 Be6 18.Rad1 Nd7 19.a4 Nxc5 20.Qxc5 Rac8 21.Rd6 Red8 22.Rxd8+ Qxd8
23.Rd1 Qg5 24.a5 g6 25.Qb6 Qe7 26.Qxa6 Qxb4 27.Qb6 Qe7 28.a6 Qc7 29.Qc5 Bc4
30.Bxc4 bxc4 31.Qxc4 Ra8 32.g3 Ra7 33.Ra1 Qb6 34.Kg2 Kf8 35.Qc3 Qb5 36.Ra5 Qb6
37.Qxe5 Rxa6 38.Qh8+ Ke7 39.Re5+ Kd7 40.Qe8+  1-0

[Event "36th Olympiad w"]
[Site "Calvia ESP"]
[Date "2004.10.26"]
[Round "11"]
[White "Lahno,Kateri"]
[Black "Djingarova,E"]
[Result "1/2-1/2"]
[WhiteElo "2435"]
[BlackElo "2327"]

1.e4 c5 2.Nf3 e6 3.d4 cxd4 4.Nxd4 Nc6 5.Nc3 Qc7 6.Be2 a6 7.O-O Nf6 8.Kh1 h5
9.f4 Nxd4 10.Qxd4 Bc5 11.Qd3 Ng4 12.e5 b5 13.Bf3 Bb7 14.Bxb7 Qxb7 15.Ne4 Qc6
16.Bd2 Rc8 17.a3 Nh6 18.Bb4 Bxb4 19.axb4 Nf5 20.Nc5 Ra8 21.Rfd1 O-O 22.Qxd7 Rfc8
23.Qxc6 Rxc6 24.c3 a5 25.Rd7 Rcc8 26.Rb1 axb4 27.cxb4 Rd8 28.Rb7 Rab8 29.Rxb8 Rxb8
30.Rd1 Ne3 31.Rd2 Ra8 32.Kg1 h4 33.g3 h3 34.Kf2 Nc4 35.Re2 Ra1 36.Kf3 Rb1
37.b3 Nb6 38.Kg4 Nd5 39.Kxh3 Nxb4 40.Rd2 Nd5 41.f5 Re1 42.fxe6 fxe6 43.Nxe6 Rxe5
44.Nf4  1/2-1/2

[Event "36th Olympiad"]
[Site "Calvia ESP"]
[Date "2004.10.27"]
[Round "12"]
[White "Fressinet,L"]
[Black "Delchev,A"]
[Result "1/2-1/2"]
[WhiteElo "2640"]
[BlackElo "2601"]

1.e4 c5 2.Nf3 e6 3.Nc3 Nc6 4.d4 cxd4 5.Nxd4 Qc7 6.g3 a6 7.Bg2 d6 8.O-O Bd7
9.Nxc6 Bxc6 10.Re1 Be7 11.Qg4 h5 12.Qe2 h4 13.a4 hxg3 14.hxg3 Kf8 15.a5 Rc8
16.Be3 Nf6 17.Bb6 Qd7 18.Rad1 Qe8 19.Bd4 e5 20.Be3 g6 21.Nd5 Bxd5 22.exd5 Qa4
23.c3 Qxa5 24.f4 Qb5 25.fxe5 Qxe2 26.Rxe2 Ng4 27.exd6 Bxd6 28.Bf4 Rd8 29.Bxd6+ Rxd6
30.c4 Kg7 31.c5 Rd7 32.d6 Nf6 33.b4 Rh5 34.Re7 Rxe7 35.dxe7 a5 36.Bxb7 axb4
37.Rc1 b3 38.c6 b2 39.Rb1 Ne8 40.Rxb2 Re5 41.Bc8 Rxe7 42.Bd7 Nd6 43.Kg2 f5
44.Rd2 Nb5 45.Rd5 Nc7 46.Ra5 Kf6 47.Ra7 Nb5 48.Rb7 Nd6 49.Rb8 Re2+ 50.Kf3 Rc2
51.Ke3 Ke5  1/2-1/2

[Event "36th Olympiad w"]
[Site "Calvia ESP"]
[Date "2004.10.27"]
[Round "12"]
[White "Van der Merwe,C"]
[Black "Chang,S"]
[Result "1/2-1/2"]
[WhiteElo "2059"]
[BlackElo "2095"]

1.e4 c5 2.Nf3 e6 3.d4 cxd4 4.Nxd4 Nc6 5.Nc3 Qc7 6.Be3 a6 7.Qd2 Nf6 8.f3 b5
9.a3 Bb7 10.Nb3 d6 11.Qf2 Nd7 12.f4 Be7 13.Be2 Bf6 14.O-O h5 15.Rad1 Rb8
16.Nd4 Ba8 17.Bxb5 Bxd4 18.Bxc6 Bxe3 19.Bxd7+ Qxd7 20.Qxe3 Rxb2 21.Rb1 Rxb1
22.Rxb1 O-O 23.Qd4 Qc7 24.Rb6 e5 25.fxe5 dxe5 26.Qb4 Qd8 27.Rxa6 Qd2 28.Qxf8+ Kxf8
29.Rxa8+ Ke7 30.Nd5+ Kd7 31.Ra7+ Ke8 32.Ra8+ Kd7 33.Ra7+ Kd6 34.Rxf7 Qe1+
35.Rf1 Qxe4 36.Rd1 Ke6 37.Nc7+ Ke7 38.Nd5+ Kf7 39.Nb4 Qe3+ 40.Kh1 Qxa3 41.Nd5 Qa6
42.h3 Qe2 43.Rc1 Qc4 44.Ne3 Qd4 45.Rf1+ Kg8 46.Nf5 Qe4 47.c3 Qe3 48.Rf3 Qc1+
49.Kh2 Kh7 50.Ng3 g6 51.Re3 Kh6 52.Rxe5 Qxc3 53.Re4 Qd3 54.h4  1/2-1/2

[Event "36th Olympiad"]
[Site "Calvia ESP"]
[Date "2004.10.28"]
[Round "13"]
[White "Spasov,V"]
[Black "Mastrovasilis,D"]
[Result "1-0"]
[WhiteElo "2534"]
[BlackElo "2574"]

1.e4 c5 2.Nf3 e6 3.d4 cxd4 4.Nxd4 Nc6 5.Nc3 Qc7 6.Be3 a6 7.Qd2 Nf6 8.O-O-O b5
9.Nxc6 dxc6 10.Bf4 Qb6 11.e5 Nd7 12.Ne4 Ra7 13.h4 c5 14.h5 h6 15.Rh3 Qc6
16.Qe1 Bb7 17.Nd6+ Bxd6 18.Rxd6 Qe4 19.Qxe4 Bxe4 20.Ra3 Rb7 21.Raxa6 O-O
22.f3 Bd5 23.Bxb5 Rxb5 24.Rxd7 Rb4 25.Bg3 c4 26.a3 Rb5 27.a4 Rb4 28.Be1 c3
29.Bxc3 Rh4 30.a5 Rxh5 31.Rb6 Rh1+ 32.Kd2 Ra8 33.Ke3 Rg1 34.Rbd6 Kh7 35.Kf2 Rc1
36.Rxf7 Rxc2+ 37.Kg3 Bc4 38.Rdd7 Rg8 39.Rd2 Rc1 40.Rc7 Bd5 41.a6 Ra1 42.a7 h5
43.b4 Ra3 44.b5 Kh6 45.b6 h4+ 46.Kxh4 g5+ 47.Kg3 g4 48.fxg4 Be4 49.Rd4  1-0

[Event "36th Olympiad"]
[Site "Calvia ESP"]
[Date "2004.10.28"]
[Round "13"]
[White "Alcazar Jimenez,V"]
[Black "Llorens,M"]
[Result "1/2-1/2"]
[WhiteElo "2412"]
[BlackElo "2375"]

1.e4 c5 2.Nf3 Nc6 3.Nc3 e6 4.d4 cxd4 5.Nxd4 Nf6 6.Be2 Bb4 7.O-O O-O 8.Ndb5 a6
9.Nd6 Qc7 10.Nxc8 Raxc8 11.Bd3 Ne5  1/2-1/2

[Event "36th Olympiad"]
[Site "Calvia ESP"]
[Date "2004.10.28"]
[Round "13"]
[White "Hernandez,Gi"]
[Black "Bologan,V"]
[Result "1/2-1/2"]
[WhiteElo "2509"]
[BlackElo "2669"]

1.e4 c5 2.Nf3 Nc6 3.d4 cxd4 4.Nxd4 e6 5.Nc3 d6 6.Bc4 Bd7 7.Nxc6 Bxc6 8.Qe2 Nf6
9.Bf4 Be7 10.O-O-O Qa5 11.Kb1 O-O 12.Bxd6 Bxd6 13.Rxd6 Qe5 14.Rhd1 Nxe4 15.Nxe4 Qxe4
16.Qxe4 Bxe4 17.f3 Bc6 18.b4 Rfc8 19.Bb3 Kf8 20.Kb2 a5 21.a3 b5 22.R6d3 Ke7
23.Rc3 a4 24.Ba2 Bb7 25.Rdd3 g5 26.Rxc8 Rxc8 27.Rc3 Rxc3 28.Kxc3 f5 29.Kd4 Kd6
30.c4 e5+ 31.Ke3 f4+ 32.Kf2 bxc4 33.Bxc4 Bc6 34.Bd3 h6 35.Bc2 Ke6 36.Bd3 Kd6
37.Bc2  1/2-1/2

[Event "36th Olympiad"]
[Site "Calvia ESP"]
[Date "2004.10.28"]
[Round "13"]
[White "Sirias,D"]
[Black "Simonet,M"]
[Result "1-0"]
[WhiteElo "2285"]
[BlackElo "2300"]

1.e4 c5 2.Nc3 e6 3.Nge2 Nc6 4.d4 cxd4 5.Nxd4 Nf6 6.Nxc6 bxc6 7.Bd3 d5 8.O-O Be7
9.Re1 O-O 10.e5 Nd7 11.Qh5 f5 12.g4 g6 13.Qh6 Nc5 14.gxf5 Nxd3 15.fxg6 hxg6
16.Qxg6+ Kh8 17.Qh6+ Kg8 18.cxd3 Rf7 19.Kh1 Rh7 20.Rg1+ Kh8 21.Qg6 Qf8 22.Ne2 c5
23.Nf4 Qf7 24.Qg4  1-0

[Event "36th Olympiad w"]
[Site "Calvia ESP"]
[Date "2004.10.28"]
[Round "13"]
[White "Anhchimeg,B"]
[Black "Yildiz,B"]
[Result "1-0"]
[WhiteElo "2235"]
[BlackElo "2131"]

1.e4 c5 2.Nf3 e6 3.d4 cxd4 4.Nxd4 Nc6 5.Nc3 a6 6.Be2 Qc7 7.Be3 Nf6 8.O-O Bb4
9.Bd3 Ne5 10.Bf4 d6 11.Bd2 Bc5 12.Nb3 Ba7 13.a4 Bd7 14.Qe2 Bc6 15.Kh1 h5
16.Be3 Bxe3 17.fxe3 d5 18.Qf2 dxe4 19.Be2 Neg4 20.Qg1 h4 21.Bxg4 Nxg4 22.Nd4 Rd8
23.Rad1 Qb6 24.h3 Nf6 25.Qf2 Bd5 26.b3 Qc7 27.Nce2 Rd7 28.Nf4 e5 29.Nxd5 Nxd5
30.c4 Nb4 31.Nf5 f6 32.Nxh4 Rxd1 33.Rxd1 Nd3 34.Qg3 g5 35.Nf5 Qd7  1-0